Online
Catalog

Proceso de enfermería y diagnóstico de enfermería / (Record no. 36091)

MARC details
000 -CABECERA
campo de control de longitud fija 00742nam a2200193 a 4500
001 - NÚMERO DE CONTROL
campo de control 000036600
005 - FECHA Y HORA DE LA ÚLTIMA TRANSACCIÓN
campo de control 20200930075824.0
008 - DATOS DE LONGITUD FIJA--INFORMACIÓN GENERAL
campo de control de longitud fija 120123s1987 sp a 000 0 spa d
040 ## - FUENTE DE LA CATALOGACIÓN
Centro catalogador/agencia de origen DO-SdBNP
Lengua de catalogación spa
Centro/agencia transcriptor BNPHU
100 1# - ENTRADA PRINCIPAL--NOMBRE DE PERSONA
Nombre de persona Iyer, Patricia W.
9 (RLIN) 62880
245 10 - MENCIÓN DE TÍTULO
Título Proceso de enfermería y diagnóstico de enfermería /
Mención de responsabilidad, etc. Patricia W. Iyer, Barbara J. Taptich, Donna Bernocchi-Losey ; traducción Andrés Sánchez del Río.
260 ## - PUBLICACIÓN, DISTRIBUCIÓN, ETC.
Lugar de publicación, distribución, etc. Madrid :
Nombre del editor, distribuidor, etc. Emalsa Interamericana,
Fecha de publicación, distribución, etc. 1987.
300 ## - DESCRIPCIÓN FÍSICA
Extensión xv, 324 p. :
Otras características físicas il. ;
Dimensiones 24 cm.
650 24 - PUNTO DE ACCESO ADICIONAL DE MATERIA--TÉRMINO DE MATERIA
Término de materia o nombre geográfico como elemento de entrada Enfermería
9 (RLIN) 2342
650 24 - PUNTO DE ACCESO ADICIONAL DE MATERIA--TÉRMINO DE MATERIA
Término de materia o nombre geográfico como elemento de entrada Diagnóstico de enfermería
9 (RLIN) 62881
700 1# - PUNTO DE ACCESO ADICIONAL--NOMBRE DE PERSONA
Nombre de persona Taptich, Barbara J.
9 (RLIN) 62882
700 1# - PUNTO DE ACCESO ADICIONAL--NOMBRE DE PERSONA
Nombre de persona Bernocchi-Losey, Donna
9 (RLIN) 62883
700 1# - PUNTO DE ACCESO ADICIONAL--NOMBRE DE PERSONA
Nombre de persona Sánchez del Río, Andrés,
Término indicativo de función/relación trad.
9 (RLIN) 62884
Holdings
Estado de retiro Estado de pérdida Restricciones de uso No para préstamo Código de colección Localización permanente Ubicación/localización actual Ubicación en estantería Fecha de adquisición Número de inventario Total de préstamos Signatura topográfica completa Código de barras Fecha visto por última vez Precio válido a partir de Tipo de ítem Koha
      Excluido de préstamo Monografías: Libros y Folletos General General En catalogación 23.01.2012 LF1   36600-10 25.06.2020 25.06.2020 No se presta

Powered by Koha